000
00210nam a22000857a 4500
003
SGT
245
_a
HYDRAULIC & PNEUMATIC(JAN,JUNE)
260
_a
NEW DELHI
_b
INDIAN NATIONAL SCIENCE ACADEMY
_c
2012
942
_2
ddc
_c
BV
999
_c
17075
_d
17075